Analýza súčasného stavu merania a monitorovania kvality v podniku DELPHI Slovensko, s. r. o. Senica = Analysis of current status of measuring and monitoring quality in DELPHI Slovensko, s. r. o. Senica : Bakalárska práca

Gespeichert in:
Bibliographische Detailangaben
1. Verfasser: Antálek, Ferdinand, 1974- (Verfasst von)
Weitere Verfasser: Meravá, Miroslava, 1983- (xxx)
Format: Manuskript Buch
Sprache:Slowakisch
Veröffentlicht: Trnava : STU v Bratislave MTF UPMK, 2009
Schlagworte:
Tags: Tag hinzufügen
Keine Tags, Fügen Sie das erste Tag hinzu!

MARC

LEADER 00000ntm a22000003a 4500
001 stu198282
005 20160719160039.5
008 100115s2009----xo------------------slo-d
040 |a STU  |b slo 
041 0 |a slo 
044 |a xo 
100 1 |a Antálek, Ferdinand,  |d 1974-  |4 aut  |X 29282  |7 A000029282 
245 1 |a Analýza súčasného stavu merania a monitorovania kvality v podniku DELPHI Slovensko, s. r. o. Senica = Analysis of current status of measuring and monitoring quality in DELPHI Slovensko, s. r. o. Senica :  |b Bakalárska práca 
260 |a Trnava :  |b STU v Bratislave MTF UPMK,  |c 2009 
300 |a 66 s  |c Prílohy + 1 CD-ROM 
500 |a Študijný program: kvalita produkcie 
500 |a Študijný odbor: 5.2.27 kvalita produkcie 
650 7 |a meranie procesov  |2 stusub 
650 7 |a monitorovanie procesov  |2 stusub 
650 7 |a proces  |2 stusub 
700 1 |a Meravá, Miroslava,  |d 1983-  |4 xxx  |u M190  |U MTF Materiálovotechnologická fakulta  |T MTF Katedra priemyselného inžinierstva a manažmentu  |X 21048  |U M190  |Y 167  |7 A000021048 
996 |b 284M077729  |c M*BP-4138  |l MMSKP  |s P  |a 0  |w stu198282_0001